000 00474nam a22001691cc4500
001 a987666126+Band4
035 _aa987666126
008 170707s2015 gw |||| 000u ger d
245 0 0 _aGeschichte des Westens
_nBand 4
_pDie Zeit der Gegenwart
264 _aMünchen :
_bBeck,
_c2015
300 _a687 S.
246 1 2 _aGeschichte des Westens. Die Zeit der Gegenwart
_nBand 4
773 0 8 _wa987666126
_qBand4
942 _cMG
040 _cRU-10907106
003 RU-10907106
999 _c46904
_d46904